[Event "Catalan, Anand-Kramnik-Topalav match play"]
[Site "SchemingMind.com"]
[Date "2011.11.07"]
[Round "-"]
[White "Aadsje"]
[Black "harsh"]
[Result "1-0"]
[WhiteCountry "NED"]
[BlackCountry "IND"]
[WhiteElo "2259"]
[WhiteRD "54"]
[BlackElo "1978"]
[BlackRD "81"]
[GameID "296387"]

1. d4 Nf6 2. c4 e6 3. Nf3 d5 4. g3 dxc4 5. Bg2 a6 6. O-O Nc6 7. e3 Rb8 8. Nfd2 Na5 9. Qa4+ c6 10. b4 cxb3
11. axb3 b6 12. b4 Nb7 13. Nf3 Bd7 14. Ne5 Nd5 15. Bd2 Bd6 16. Nxc6 Qc7 17. Rc1 Rc8 18. Qxa6 Bxc6 19. Bxd5 exd5 20. b5 Na5
21. Bxa5 Ra8 22. Qxa8+
1-0

[Event "Catalan, Anand-Kramnik-Topalav match play"]
[Site "SchemingMind.com"]
[Date "2011.11.07"]
[Round "-"]
[White "harsh"]
[Black "Aadsje"]
[Result "1-0"]
[WhiteCountry "IND"]
[BlackCountry "NED"]
[WhiteElo "2075"]
[WhiteRD "76"]
[BlackElo "2293"]
[BlackRD "55"]
[GameID "296388"]

1. d4 Nf6 2. c4 e6 3. Nf3 d5 4. g3 dxc4 5. Bg2 c5 6. O-O Nc6 7. Qa4 Bd7 8. Qxc4 b5 9. Qd3 Rc8 10. dxc5 Bxc5
11. Nc3 b4 12. Nb5 O-O 13. Nd6 Nd4 14. Bf4 Nd5 15. Ng5 g6 16. Nge4 Nxf4 17. gxf4 Bb6 18. Nxc8 Bb5 19. Qd2 Nxe2+ 20. Kh1 Qxc8
21. Qxb4 Qc4 22. Qxc4 Bxc4 23. Nf6+ Kg7 24. Nd7 Rc8 25. Nxb6 axb6 26. b3 Bd3 27. Rfd1 Rc2 28. Rxd3
1-0

[Event "Catalan, Anand-Kramnik-Topalav match play"]
[Site "SchemingMind.com"]
[Date "2011.11.05"]
[Round "-"]
[White "otsenrechess"]
[Black "Aadsje"]
[Result "0-1"]
[WhiteCountry "HUN"]
[BlackCountry "NED"]
[WhiteElo "1823"]
[WhiteRD "45"]
[BlackElo "2293"]
[BlackRD "55"]
[GameID "296458"]

1. d4 Nf6 2. c4 e6 3. Nf3 d5 4. g3 dxc4 5. Bg2 a6 6. O-O Nc6 7. e3 Bd7 8. Nbd2 b5 9. Ne5 Nd5 10. e4 Nxe5
11. exd5 Nd3 12. b3 exd5 13. Bxd5 c6 14. Be4 Nxc1 15. Qxc1 Be7 16. bxc4 Rc8 17. Nf3 O-O= 18. Ne5 Be8
0-1

[Event "Catalan, Anand-Kramnik-Topalav match play"]
[Site "SchemingMind.com"]
[Date "2011.11.09"]
[Round "-"]
[White "harsh"]
[Black "otsenrechess"]
[Result "1-0"]
[WhiteCountry "IND"]
[BlackCountry "HUN"]
[WhiteElo "2075"]
[WhiteRD "76"]
[BlackElo "1823"]
[BlackRD "45"]
[GameID "296459"]

1. d4 Nf6 2. c4 e6 3. Nf3 d5 4. g3 dxc4 5. Bg2 Be7 6. O-O O-O 7. Qc2 a6 8. Qxc4 b5 9. Qd3 Bb7 10. Bf4 c5
11. Nbd2
1-0

[Event "Catalan, Anand-Kramnik-Topalav match play"]
[Site "SchemingMind.com"]
[Date "2011.11.05"]
[Round "-"]
[White "Aadsje"]
[Black "otsenrechess"]
[Result "1-0"]
[WhiteCountry "NED"]
[BlackCountry "HUN"]
[WhiteElo "2293"]
[WhiteRD "55"]
[BlackElo "1823"]
[BlackRD "45"]
[GameID "296460"]

1. d4 Nf6 2. c4 e6 3. Nf3 d5 4. g3 dxc4 5. Qc2 c5 6. dxc5 Qa5+ 7. Nbd2 Bxc5 8. Bg2 b5 9. Ng5 Nd5 10. O-O Na6
11. a4 Bb7 12. Ndf3 Nab4 13. Qe4 Qc7 14. Nxe6 fxe6 15. Ng5 O-O-O 16. Nxe6 Rhe8 17. Bg5 Rd6 18. Nxc7 Rxe4 19. Bxe4
1-0

[Event "Catalan, Anand-Kramnik-Topalav match play"]
[Site "SchemingMind.com"]
[Date "2011.11.25"]
[Round "-"]
[White "Euchesski"]
[Black "harsh"]
[Result "1-0"]
[WhiteCountry "ENG"]
[BlackCountry "IND"]
[WhiteElo "2295"]
[WhiteRD "77"]
[BlackElo "2075"]
[BlackRD "76"]
[GameID "297397"]

1. d4 Nf6 2. c4 e6 3. Nf3 d5 4. g3 dxc4 5. Bg2 a6 6. Ne5 c5 7. e3 cxd4 8. exd4 Bb4+ 9. Nc3 Nd5 10. Bd2 Nc6
11. Nxc4 Nxd4 12. Nxd5 Bxd2+ 13. Qxd2 exd5 14. Qxd4 dxc4 15. Qxg7 Qe7+ 16. Kd1 Qd6+ 17. Kc1 Qf8 18. Qe5+ Be6 19. Bxb7 Rd8 20. Kc2 Ke7
21. Rad1 Qh6 22. Qc7+ Rd7 23. Rxd7+
1-0

[Event "Catalan, Anand-Kramnik-Topalav match play"]
[Site "SchemingMind.com"]
[Date "2011.11.25"]
[Round "-"]
[White "Euchesski"]
[Black "Aadsje"]
[Result "1/2-1/2"]
[WhiteCountry "ENG"]
[BlackCountry "NED"]
[WhiteElo "2289"]
[WhiteRD "82"]
[BlackElo "2259"]
[BlackRD "54"]
[GameID "297398"]

1. d4 Nf6 2. c4 e6 3. Nf3 d5 4. g3 dxc4 5. Qa4+ c6 6. Qxc4 b5 7. Qc2 Bb7 8. Bg2 Nbd7 9. O-O c5 10. Nc3 b4
11. Na4 Rc8 12. dxc5 Nxc5 13. Nxc5 Bxc5 14. Qa4+ Bc6 15. Qa6 O-O 16. Bf4 Bd5 17. Ne5 Bxg2 18. Kxg2 Bb6 19. Nf3 Qe7 20. Rad1 Nd5
21. Be5 Rc2 22. Qd3 Rfc8 23. Bc3 R2xc3 24. bxc3 bxc3 25. Rc1 Qc5 26. Qe4 Qc6 27. Qc2 Qc4 28. Ne5 Qb5=
1/2-1/2

[Event "Catalan, Anand-Kramnik-Topalav match play"]
[Site "SchemingMind.com"]
[Date "2011.11.25"]
[Round "-"]
[White "Euchesski"]
[Black "otsenrechess"]
[Result "1-0"]
[WhiteCountry "ENG"]
[BlackCountry "HUN"]
[WhiteElo "2295"]
[WhiteRD "77"]
[BlackElo "1823"]
[BlackRD "45"]
[GameID "297399"]

1. d4 Nf6 2. c4 e6 3. Nf3 d5 4. g3 dxc4 5. Qc2 c5 6. Qxc4 Nc6 7. dxc5 Qa5+ 8. Nc3 Qb4 9. Nd2 Bxc5 10. Bg2 O-O
11. O-O e5 12. a3
1-0

[Event "Catalan, Anand-Kramnik-Topalav match play"]
[Site "SchemingMind.com"]
[Date "2011.11.24"]
[Round "-"]
[White "harsh"]
[Black "Euchesski"]
[Result "0-1"]
[WhiteCountry "IND"]
[BlackCountry "ENG"]
[WhiteElo "2072"]
[WhiteRD "80"]
[BlackElo "2290"]
[BlackRD "76"]
[GameID "297400"]

1. d4 Nf6 2. c4 e6 3. Nf3 d5 4. g3 dxc4 5. Bg2 c5 6. O-O Nc6 7. Qa4 Bd7 8. Qxc4 b5 9. Qd3 Rc8 10. dxc5 Bxc5
11. Nc3 Nb4 12. Qd2 O-O 13. a3 Nc6 14. b4 Nxb4 15. axb4 Bxb4 16. Ra3 a5 17. Ne5 Bxa3 18. Bxa3 b4 19. Bb2 bxc3 20. Bxc3 Bb5
21. Bxa5 Qxd2 22. Bxd2 Rc2 23. Bb4 Rfc8 24. Bf3 Bxe2 25. Bxe2 Rxe2 26. Nd3 Nd5 27. Bd6 Rd2 28. Nf4 Ne3 29. fxe3 Rxd6 30. Rb1 Rd2
31. h3 g5 32. Nh5 f5
0-1

[Event "Catalan, Anand-Kramnik-Topalav match play"]
[Site "SchemingMind.com"]
[Date "2011.11.24"]
[Round "-"]
[White "Aadsje"]
[Black "Euchesski"]
[Result "1-0"]
[WhiteCountry "NED"]
[BlackCountry "ENG"]
[WhiteElo "2344"]
[WhiteRD "54"]
[BlackElo "2290"]
[BlackRD "76"]
[GameID "297401"]

1. d4 Nf6 2. c4 e6 3. Nf3 d5 4. g3 dxc4 5. Bg2 a6 6. O-O Nc6 7. e3 Bd7 8. Qe2 b5 9. Rd1 Be7 10. b3 cxb3
11. axb3 O-O 12. Bb2 Be8 13. Ne5 Nd5 14. Nd3 Ncb4 15. Nxb4 Bxb4 16. e4 Nf6 17. Na3 Qc8 18. d5 Be7 19. Nc2 Bd7 20. Ne3 Re8
21. Rac1 Qb8 22. dxe6 Bxe6 23. e5 Nd7 24. Bxa8 Qxa8 25. Rxc7 Nf8 26. Rd3 Bd8 27. Rc1 Bb6 28. Rd6 Qb7 29. Qd3 Bc7 30. Rdc6 Rd8
31. Qc3 Bb6 32. Ba3 Ng6 33. Bd6 Re8 34. h4 h5 35. Qd3 Rd8 36. Qe2 Re8 37. b4 Bd4 38. Qxh5 Bb2 39. R1c2 Bd4 40. Qg5 Bd7
41. Rc7 Qe4 42. Rxd7 Bxe3 43. Qxe3 Qxc2 44. Qf3 Qc4 45. Rc7 Qe6 46. Ra7 Kh7 47. h5 Ne7 48. Rxa6 Nf5 49. Qd3 Kg8 50. Rb6 Nxd6
51. exd6 Rd8 52. Qxb5
1-0

[Event "Catalan, Anand-Kramnik-Topalav match play"]
[Site "SchemingMind.com"]
[Date "2011.11.25"]
[Round "-"]
[White "otsenrechess"]
[Black "Euchesski"]
[Result "0-1"]
[WhiteCountry "HUN"]
[BlackCountry "ENG"]
[WhiteElo "1823"]
[WhiteRD "45"]
[BlackElo "2295"]
[BlackRD "77"]
[GameID "297402"]

1. d4 Nf6 2. c4 e6 3. Nf3 d5 4. g3 dxc4 5. Bg2 c6 6. Ne5 Bb4+ 7. Nc3 Nd5 8. Bd2 Nb6 9. Ne4 Bxd2+ 10. Qxd2 f6
11. Nf3 O-O
0-1

[Event "Catalan, Anand-Kramnik-Topalav match play"]
[Site "SchemingMind.com"]
[Date "2011.12.01"]
[Round "-"]
[White "vickyngo"]
[Black "harsh"]
[Result "1-0"]
[WhiteCountry "VEN"]
[BlackCountry "IND"]
[WhiteElo "2543"]
[WhiteRD "86"]
[BlackElo "2075"]
[BlackRD "76"]
[GameID "298179"]

1. d4 Nf6 2. c4 e6 3. Nf3 d5 4. g3 dxc4 5. Bg2 a6 6. O-O Nc6 7. Nc3 Rb8 8. e4 b5 9. d5 Nb4 10. b3 cxb3
11. Qxb3 c5 12. dxc6 Nxc6 13. Bf4 Rb7 14. Rad1 Nd7 15. Qc2 Be7 16. Nxb5 Rxb5 17. Qxc6 Bb7 18. Qc3 O-O 19. Nd4 Rc5 20. Qb3 Bc6
21. Nxc6 Rxc6 22. Qb7
1-0

[Event "Catalan, Anand-Kramnik-Topalav match play"]
[Site "SchemingMind.com"]
[Date "2011.12.02"]
[Round "-"]
[White "vickyngo"]
[Black "Euchesski"]
[Result "1-0"]
[WhiteCountry "VEN"]
[BlackCountry "ENG"]
[WhiteElo "2456"]
[WhiteRD "72"]
[BlackElo "2294"]
[BlackRD "77"]
[GameID "298180"]

1. d4 Nf6 2. c4 e6 3. Nf3 d5 4. g3 dxc4 5. Bg2 a6 6. O-O Nc6 7. e3 Rb8 8. Nfd2 Qd7 9. Nxc4 b5 10. Ne5 Nxe5
11. dxe5 Qxd1 12. Rxd1 Nd7 13. f4 Bb7 14. Bxb7 Rxb7 15. a4 Bb4 16. axb5 axb5 17. Bd2 Be7 18. Ra8+ Nb8 19. Nc3 O-O 20. Be1 Nc6
21. Raa1 Rd8 22. Rxd8+ Nxd8 23. Kf2 Kf8 24. Ra8 Ke8 25. Kf3 h5 26. Ne4 Kd7 27. h3 c5 28. g4 hxg4+ 29. hxg4 c4 30. Bc3 Nc6
31. Bd4 Nxd4+ 32. exd4 b4 33. Ke2 Rc7 34. Ra1 Kc6 35. f5 Kb6 36. f6 gxf6 37. exf6 Bd8 38. g5 Rc6 39. Nc5 Bc7 40. Ra6+ Kb5
41. g6 fxg6 42. f7 Bd6 43. Ne4 Rxa6 44. Nxd6+ Rxd6 45. f8=Q Rxd4 46. Qb8+ Kc5 47. Qa7+ Kd5 48. Qa5+ Ke4 49. Qxb4 g5 50. Qe7 Kf5
51. Qf7+ Ke5 52. Qg7+ Kd5 53. Qxg5+ e5 54. Qd8+ Ke6 55. Qc8+ Kd6 56. b4 cxb3 57. Qb8+ Kd5 58. Qxb3+ Kd6 59. Qf7 Re4+ 60. Kd3 Rf4
61. Qg6+ Kd5 62. Ke3 Rd4 63. Kf3 Rf4+ 64. Kg3 Rd4 65. Qf6 Rf4 66. Qe7 Ke4 67. Qd7 Rf3+ 68. Kg4 Rf4+ 69. Kg5 Rf3 70. Qc6+ Ke3
71. Qd5 e4 72. Qc4 Rf2 73. Qc3+ Ke2 74. Kg4 e3 75. Qc2+ Ke1 76. Qc4 Kd2 77. Kg3 Ke1 78. Qd3 Re2 79. Kf3 Rf2+ 80. Ke4 Rd2
81. Qc3 Kd1 82. Qb4 Ke2 83. Qc5 Kd1 84. Qb5 Re2 85. Kd3 Rd2+ 86. Kxe3 Kc1 87. Qf1+ Rd1 88. Qe2 Rd8 89. Qc4+ Kb2 90. Qb5+
1-0

[Event "Catalan, Anand-Kramnik-Topalav match play"]
[Site "SchemingMind.com"]
[Date "2011.12.01"]
[Round "-"]
[White "vickyngo"]
[Black "Aadsje"]
[Result "1/2-1/2"]
[WhiteCountry "VEN"]
[BlackCountry "NED"]
[WhiteElo "2441"]
[WhiteRD "71"]
[BlackElo "2350"]
[BlackRD "59"]
[GameID "298181"]

1. d4 Nf6 2. c4 e6 3. Nf3 d5 4. g3 dxc4 5. Bg2 Bd7 6. Ne5 Bc6 7. Nxc6 Nxc6 8. O-O Be7 9. Qa4 O-O 10. e3 e5
11. Rd1 exd4 12. Bxc6 bxc6 13. Rxd4 Qe8 14. Rxc4 c5 15. Qxe8 Rfxe8 16. Nc3 Nd7 17. Nd5 Bd6 18. Rc2 Rad8 19. b3 Nb6 20. Nc3 Be5
21. Bb2 a6 22. Rac1 c4 23. Na4 cxb3 24. axb3 Nxa4 25. bxa4 Bxb2 26. Rxb2 Re4 27. Rxc7 Rxa4 28. h4 g6 29. Rbb7 Rf8 30. Kg2 Kg7
31. Ra7 h6 32. Kf3 Ra2 33. Rc6 a5 34. Rc5 Rb2 35. g4 a4 36. Kg3 Rb4 37. Rca5 Rfb8 38. Rxa4 Rxa4 39. Rxa4 Rb5 40. f3 h5
41. g5 Rb7 42. Ra8 Rb3 43. e4 Rb7 44. Kf4 Kh7 45. Rf8 Rc7 46. Ra8=
1/2-1/2

[Event "Catalan, Anand-Kramnik-Topalav match play"]
[Site "SchemingMind.com"]
[Date "2011.12.01"]
[Round "-"]
[White "vickyngo"]
[Black "otsenrechess"]
[Result "1-0"]
[WhiteCountry "VEN"]
[BlackCountry "HUN"]
[WhiteElo "2543"]
[WhiteRD "86"]
[BlackElo "1823"]
[BlackRD "45"]
[GameID "298182"]

1. d4 Nf6 2. c4 e6 3. Nf3 d5 4. g3 dxc4 5. Bg2 a6 6. O-O Nc6 7. e3 Bd7 8. Qe2 b5 9. b3 cxb3 10. axb3 Bd6
11. Bb2 O-O 12. Ne5
1-0

[Event "Catalan, Anand-Kramnik-Topalav match play"]
[Site "SchemingMind.com"]
[Date "2011.12.01"]
[Round "-"]
[White "harsh"]
[Black "vickyngo"]
[Result "0-1"]
[WhiteCountry "IND"]
[BlackCountry "VEN"]
[WhiteElo "2101"]
[WhiteRD "79"]
[BlackElo "2441"]
[BlackRD "71"]
[GameID "298183"]

1. d4 Nf6 2. c4 e6 3. Nf3 d5 4. g3 dxc4 5. Bg2 Nc6 6. Qa4 Bb4+ 7. Bd2 Nd5 8. Bxb4 Nxb4 9. Ne5 Rb8 10. Nxc6 Nxc6
11. e3 e5 12. d5 b5 13. Qa3 Ne7 14. Qxa7 Rb7 15. Qc5 Qd6 16. b4 Qxc5 17. bxc5 Ra7 18. Nc3 b4 19. Nb5 Ra5 20. Nxc7+ Kd7
21. d6 c3 22. O-O Rxc5 23. dxe7 Rxc7 24. Be4 Kxe7 25. Rfb1 Rd8 26. Rxb4 c2 27. Bxc2 Rxc2 28. a4 Rdd2 29. a5 Rxf2 30. a6 Rg2+
31. Kh1 Rxh2+ 32. Kg1 Rcg2+ 33. Kf1 Bh3
0-1

[Event "Catalan, Anand-Kramnik-Topalav match play"]
[Site "SchemingMind.com"]
[Date "2011.12.02"]
[Round "-"]
[White "Euchesski"]
[Black "vickyngo"]
[Result "1/2-1/2"]
[WhiteCountry "ENG"]
[BlackCountry "VEN"]
[WhiteElo "2295"]
[WhiteRD "77"]
[BlackElo "2543"]
[BlackRD "86"]
[GameID "298184"]

1. d4 Nf6 2. c4 e6 3. Nf3 d5 4. g3 dxc4 5. Bg2 Nc6 6. Qa4 Bb4+ 7. Bd2 Nd5 8. Bxb4 Nxb4 9. O-O Rb8 10. Na3 O-O
11. Qb5 e5 12. Nxe5 Be6 13. Rfd1 a6 14. Nxc6 bxc6 15. Qa4 Qf6 16. Nb1 c5 17. a3 Nd5 18. Bxd5 Bxd5 19. Nc3 Qg5 20. h4 Qh5
21. dxc5 Be6 22. Rd2 Qxc5 23. Qxa6 h6 24. Rad1 Kh7 25. Na4 Qe5 26. Qc6 Rb3 27. e3 Rfb8 28. Qc5 Qe4 29. Qd4 Qf3 30. Kh2 Qf5
31. Qf4 Qb5 32. Nc3 Qf5 33. Qxf5+ Bxf5 34. Kg2 Bd3 35. e4 Rxb2 36. Rxb2 Rxb2 37. Rc1 Kg6 38. Kf3 Rb3 39. a4 Kf6 40. Ke3 c5
41. g4 g5 42. hxg5+ hxg5 43. f3 Ke5 44. Kf2=
1/2-1/2

[Event "Catalan, Anand-Kramnik-Topalav match play"]
[Site "SchemingMind.com"]
[Date "2011.12.01"]
[Round "-"]
[White "Aadsje"]
[Black "vickyngo"]
[Result "1/2-1/2"]
[WhiteCountry "NED"]
[BlackCountry "VEN"]
[WhiteElo "2350"]
[WhiteRD "59"]
[BlackElo "2441"]
[BlackRD "71"]
[GameID "298185"]

1. d4 Nf6 2. c4 e6 3. Nf3 d5 4. g3 dxc4 5. Bg2 Nc6 6. Qa4 Bb4+ 7. Bd2 Nd5 8. Qc2 Nb6 9. Bxb4 Nxb4 10. Qc3 N4d5
11. Qc1 Bd7 12. Na3 O-O 13. O-O Rc8 14. Nxc4 Bb5 15. Nxb6 axb6 16. Qd2 Qe7 17. a4 Ba6 18. Rfc1 Rfd8 19. Ne5 c5 20. e3 Nb4
21. b3 Rc7 22. Qc3 f6 23. Nc4 Rcd7 24. Nxb6 cxd4 25. Qc5 Qxc5 26. Rxc5 Rd6 27. Nc4 dxe3 28. Nxe3 R6d7 29. Rc3 g5 30. Bf3 Nd3
31. Kg2 f5 32. Be2 Kf7 33. Nc4 Kf6 34. Nb6 Rd6 35. a5 g4 36. Rc7 h5 37. Nc4 R6d7 38. Rxd7= Rxd7 39. Rd1 Nc5 40. Nb6 Rxd1
41. Bxd1 Nd3 42. Be2 Ne5=
1/2-1/2

[Event "Catalan, Anand-Kramnik-Topalav match play"]
[Site "SchemingMind.com"]
[Date "2011.12.01"]
[Round "-"]
[White "otsenrechess"]
[Black "vickyngo"]
[Result "0-1"]
[WhiteCountry "HUN"]
[BlackCountry "VEN"]
[WhiteElo "1823"]
[WhiteRD "45"]
[BlackElo "2543"]
[BlackRD "86"]
[GameID "298186"]

1. d4 Nf6 2. c4 e6 3. Nf3 d5 4. g3 dxc4 5. Qa4+ Nbd7 6. Qxc4 a6 7. Qc2 b5 8. Bg2 Bb7 9. O-O c5 10. a4 b4
11. Nbd2 Rc8
0-1

[Event "Catalan, Anand-Kramnik-Topalav match play"]
[Site "SchemingMind.com"]
[Date "2011.12.16"]
[Round "-"]
[White "Uzi Mike"]
[Black "harsh"]
[Result "1-0"]
[WhiteCountry "USA"]
[BlackCountry "IND"]
[WhiteElo "2262"]
[WhiteRD "74"]
[BlackElo "2101"]
[BlackRD "79"]
[GameID "298961"]

1. d4 Nf6 2. c4 e6 3. Nf3 d5 4. g3 dxc4 5. Bg2 a6 6. Ne5 c5 7. Na3 cxd4 8. Naxc4 Bd6 9. Qa4+ b5 10. Nxd6+ Qxd6
11. Qc2 O-O 12. Bxa8 Qxe5 13. Bf4 Qf5 14. Qxf5 exf5 15. Be5 d3 16. Bxf6 gxf6 17. exd3 Nd7 18. d4 Nb6 19. Bf3 Re8+ 20. Kd2 Rd8
21. b3 Rxd4+ 22. Kc3 Rd8 23. Rhd1 Bd7 24. Kb4 Rc8 25. Rd6
1-0

[Event "Catalan, Anand-Kramnik-Topalav match play"]
[Site "SchemingMind.com"]
[Date "2011.12.11"]
[Round "-"]
[White "Uzi Mike"]
[Black "Euchesski"]
[Result "1-0"]
[WhiteCountry "USA"]
[BlackCountry "ENG"]
[WhiteElo "2316"]
[WhiteRD "80"]
[BlackElo "2323"]
[BlackRD "74"]
[GameID "298962"]

1. d4 Nf6 2. c4 e6 3. Nf3 d5 4. g3 dxc4 5. Bg2 a6 6. Ne5 Bb4+ 7. Nc3 Nd5 8. O-O Nxc3 9. bxc3 Bxc3 10. Rb1 Qxd4
11. Qa4+ b5 12. Qa3 Qxe5 13. Bf4 Qf6 14. Bxc7 Be5 15. Bxe5 Qxe5 16. Bxa8 Qc7 17. Bg2 f6 18. Qe3 O-O 19. Rfd1 Bd7 20. a4 Rc8
21. axb5 axb5 22. Ra1 c3 23. Be4 b4 24. Bc2 Nc6 25. Qd3 Be8 26. Qxh7+ Kf8 27. Bb3 Qe7 28. h4 Bf7 29. Qh8+ Bg8 30. Ra6 f5
31. Rd5 g6 32. Qh6+ Qg7 33. Qxg7+ Kxg7 34. Rc5 Ne7 35. Rxc8 Nxc8 36. Ra4 e5 37. Rxb4 Nd6 38. Bc2 Kf6 39. Rb6 Ke7 40. g4 Bf7
41. h5 gxh5 42. gxf5 e4 43. f6+ Kd7 44. Kg2 Bg8 45. Kh3 Kc7 46. Ra6 Bf7 47. Ba4 Bd5 48. e3 Bb7 49. Ra5 Kb6 50. Rb5+ Nxb5
51. f7 Ka5 52. Bd1 Bc8+ 53. Kh4 Bg4 54. Bc2 Be2 55. f8=Q Bd3 56. Bb3 Kb6 57. f4
1-0

[Event "Catalan, Anand-Kramnik-Topalav match play"]
[Site "SchemingMind.com"]
[Date "2011.12.12"]
[Round "-"]
[White "Uzi Mike"]
[Black "Aadsje"]
[Result "1-0"]
[WhiteCountry "USA"]
[BlackCountry "NED"]
[WhiteElo "2282"]
[WhiteRD "74"]
[BlackElo "2253"]
[BlackRD "58"]
[GameID "298963"]

1. d4 Nf6 2. c4 e6 3. Nf3 d5 4. g3 dxc4 5. Bg2 Bb4+ 6. Bd2 Be7 7. Qa4+ c6 8. Qxc4 O-O 9. O-O b6 10. Nc3 Ba6
11. Qb3 Nbd7 12. Rfd1 Qc8 13. e4 h6 14. Rac1 Qb7 15. Nh4 Rac8 16. f4 Ne8 17. e5 Bxh4 18. gxh4 Kh8 19. Ne4 Rg8 20. Qf3 Nf8
21. f5 Qd7 22. f6 Qxd4+ 23. Kh1 Qxb2 24. Bc3 Qe2 25. Nd6 Qxf3 26. Nxf7+ Kh7 27. Bxf3 Ng6 28. Be4 Be2 29. Rg1 gxf6 30. exf6 Nxf6
31. Bxf6 Rcf8 32. Ng5+ hxg5 33. hxg5
1-0

[Event "Catalan, Anand-Kramnik-Topalav match play"]
[Site "SchemingMind.com"]
[Date "2011.12.12"]
[Round "-"]
[White "Uzi Mike"]
[Black "vickyngo"]
[Result "1/2-1/2"]
[WhiteCountry "USA"]
[BlackCountry "VEN"]
[WhiteElo "2262"]
[WhiteRD "74"]
[BlackElo "2441"]
[BlackRD "71"]
[GameID "298965"]

1. d4 Nf6 2. c4 e6 3. Nf3 d5 4. g3 dxc4 5. Bg2 Bb4+ 6. Bd2 a5 7. Qc2 Nc6 8. Qxc4 Qd5 9. Qd3 Qf5 10. Qxf5 exf5
11. a3 Bd6 12. Nc3 O-O 13. O-O Re8 14. Bf4 Bxf4 15. gxf4 Ne7 16. e3 Be6 17. Ne5 c6 18. Na4 Nc8 19. Nc5 Nd6 20. Nxe6 fxe6
21. Rfc1 Red8 22. Kf1 Ra6 23. Ke2 Rb6=
1/2-1/2

[Event "Catalan, Anand-Kramnik-Topalav match play"]
[Site "SchemingMind.com"]
[Date "2011.12.16"]
[Round "-"]
[White "harsh"]
[Black "Uzi Mike"]
[Result "1/2-1/2"]
[WhiteCountry "IND"]
[BlackCountry "USA"]
[WhiteElo "2077"]
[WhiteRD "78"]
[BlackElo "2282"]
[BlackRD "74"]
[GameID "298966"]

1. d4 Nf6 2. c4 e6 3. Nf3 d5 4. g3 dxc4 5. Bg2 Nc6 6. O-O Rb8 7. Ne5 Nxe5 8. dxe5 Qxd1 9. Rxd1 Ng4 10. Bf4 Bc5
11. e3 Rg8 12. h3 Nxf2 13. Kxf2 g5 14. Nd2 gxf4 15. gxf4 Bxe3+ 16. Kxe3 Rxg2 17. Nxc4 b6 18. Rg1 Rg6 19. h4 Ba6 20. Nd2 Rd8
21. Ne4 Rd3+ 22. Kf2 Rh3 23. h5 Rh2+ 24. Ke3 Rxg1 25. Rxg1 Re2+ 26. Kf3 Rxb2 27. Nf6+ Ke7 28. Rg8 Bb5=
1/2-1/2

[Event "Catalan, Anand-Kramnik-Topalav match play"]
[Site "SchemingMind.com"]
[Date "2011.12.12"]
[Round "-"]
[White "Euchesski"]
[Black "Uzi Mike"]
[Result "1/2-1/2"]
[WhiteCountry "ENG"]
[BlackCountry "USA"]
[WhiteElo "2323"]
[WhiteRD "74"]
[BlackElo "2316"]
[BlackRD "80"]
[GameID "298967"]

1. d4 Nf6 2. c4 e6 3. Nf3 d5 4. g3 dxc4 5. Nbd2 b5 6. a4 c6 7. Bg2 Bb7 8. O-O Nbd7 9. Qc2 Be7 10. Rd1 Qb6
11. Ne5 Rd8 12. Ndf3 Nxe5 13. Nxe5 O-O 14. Bg5 a6 15. Bf3 h6 16. Bxf6 Bxf6 17. Qe4 Ba8 18. Qe3 Qc7 19. Ng4 Bg5 20. Qe5 Qxe5
21. Nxe5 Bf6 22. Nxc6 Bxc6 23. Bxc6 Bxd4 24. axb5 axb5 25. Rab1 b4 26. Kg2 g5 27. Bb5 c3 28. bxc3 bxc3 29. Rb4 Bf6 30. Rxd8 Rxd8
31. Bd3 Rd7 32. f4 Bd4 33. Kf3 Kg7 34. h3 Bf6 35. Rc4 Kf8 36. Be4 gxf4 37. gxf4 Ke7 38. Bd3 Rd5 39. Rc8 Kd7 40. Rc4 Kd6
41. Ra4 Kc7 42. Ra7+ Kb6 43. Ra6+ Kb7 44. Ra4 Rd7 45. Rc4 Bg7 46. Rc5= Kb6 47. Rc4 f5 48. Ra4 h5 49. Ra6+ Kb7 50. Ra1 Bf6
51. Rd1 Kc6=
1/2-1/2

[Event "Catalan, Anand-Kramnik-Topalav match play"]
[Site "SchemingMind.com"]
[Date "2011.12.13"]
[Round "-"]
[White "Aadsje"]
[Black "Uzi Mike"]
[Result "1-0"]
[WhiteCountry "NED"]
[BlackCountry "USA"]
[WhiteElo "2235"]
[WhiteRD "63"]
[BlackElo "2322"]
[BlackRD "82"]
[GameID "298968"]

1. d4 Nf6 2. c4 e6 3. Nf3 d5 4. g3 dxc4 5. Qa4+ Nbd7 6. Qxc4 Nb6 7. Qd3 c5 8. Bg2 Bd7 9. Nc3 Bc6 10. O-O cxd4
11. Nxd4 Bxg2 12. Kxg2 Be7 13. Rd1 O-O 14. Qf3 Qc8 15. Bf4 Nbd5 16. Rac1 Qe8 17. Nxd5 Nxd5 18. Be5 Rd8 19. h4 Rd7 20. Qb3 Nf6
21. f3 Nd5 22. e4 Bf6 23. Bxf6 Nxf6 24. Nb5 a6 25. Nd6 Qb8 26. e5 Nd5 27. Kh3 Qa7 28. Rd2 b5 29. h5 Kh8 30. Qa3 b4
31. Qd3 Kg8 32. f4 Rdd8 33. Rc6 Qg1 34. Qf3 a5 35. h6 g6 36. Rd1 Qa7 37. Qe2 Ra8 38. Rd3 Qg1 39. Qd1 Qa7 40. Qc1 Rfd8
41. Kg2 Rf8 42. Qc5 Qe7 43. Qf2 a4 44. Qd2 a3 45. b3 f6 46. Rxd5 exd5 47. Qxd5+ Kh8 48. e6 Rad8 49. g4 Rb8 50. f5 Rbd8
51. Qc5 Kg8 52. Kg3 Kh8 53. Qxb4 Kg8 54. Qc5 Kh8 55. b4 Kg8 56. b5 Kh8 57. b6 Kg8 58. Qxa3
1-0

[Event "Catalan, Anand-Kramnik-Topalav match play"]
[Site "SchemingMind.com"]
[Date "2011.12.14"]
[Round "-"]
[White "vickyngo"]
[Black "Uzi Mike"]
[Result "1-0"]
[WhiteCountry "VEN"]
[BlackCountry "USA"]
[WhiteElo "2459"]
[WhiteRD "86"]
[BlackElo "2337"]
[BlackRD "83"]
[GameID "298970"]

1. d4 Nf6 2. c4 e6 3. Nf3 d5 4. g3 dxc4 5. Bg2 Nc6 6. Qa4 Bb4+ 7. Bd2 Nd5 8. Bxb4 Nxb4 9. O-O Rb8 10. Na3 a6
11. Ne5 O-O 12. Nxc6 Nxc6 13. Bxc6 bxc6 14. Nxc4 Qxd4 15. Rfd1 Qe4 16. Rd2 Rb5 17. Rc1 h6 18. b3 e5 19. Nb2 Qg6 20. Qc4 Qg5
21. Rdd1 Bg4 22. Na4 h5 23. h4 Qg6 24. Nc3 Rb6 25. Rd2 Qh6 26. Rcd1 Qg6 27. Rd8 Qe6 28. Rxf8+ Kxf8 29. Qc5+ Ke8 30. f3 Bh3
31. Kh2 f6 32. e4 Kf7 33. g4 hxg4 34. Rd8 g3+ 35. Kxg3 Qe7 36. Qxe7+ Kxe7 37. Rg8 Be6 38. Rxg7+ Bf7 39. h5 Rb8 40. Rh7 Rg8+
41. Kh4 Rg2 42. h6 Rc2 43. Nd1 Rxa2 44. Ne3 Ra1 45. Nf5+ Ke8 46. Rh8+ Kd7 47. Kh3 Be6 48. Rh7+ Kc8 49. Kh2 Ra2+ 50. Kg3 Ra1=
51. Ne7+ Kb7 52. Rg7 Rg1+ 53. Kf2 Rh1 54. h7 Bxb3 55. Ng6 a5 56. h8=Q Rxh8 57. Nxh8 a4 58. Ke2 Kb6 59. Kd2 Kb5 60. Ng6 Kb4
61. Rxc7 a3 62. Rxc6 a2 63. Rc1 Bf7 64. Nf8 Kb3 65. Nd7 Kb2 66. Nxf6 a1=Q 67. Rxa1 Kxa1 68. Kc3 Ka2 69. Nd7
1-0